000 00528nam a2200217Ia 4500
003 OSt
005 20220928144936.0
006 a|||||r|||| 00| 0
007 ta
008 220927b |||||||| |||| 00| 0 eng d
024 _a77284
037 _cTextual
040 _aSDCL
_cSDCL
_beng
041 _2eng
_aeng
082 _aO-,1L54:g, L7
100 _aBareham Terence
_9510582
245 0 _aGeorge Cabbe.
260 _c1977
942 _hO-,1L54:g, L7
_cTEXL
_2CC
999 _c830681
_d830681